FIFA World Cup 2026 - Uzbekistan Squad - Statistics

General Stats
  • This quiz has been taken 3 times
  • The average score is 3 of 27
Answer Stats
Team # Position Club/Country Player % Correct
Uzbekistan 2 CB Manchester City Abdukodir Khusanov
100%
Uzbekistan 14 ST Basaksehir FK Eldor Shomurodov
67%
Uzbekistan Manager Italy Fabio Cannavaro
67%
Uzbekistan 22 RW Basaksehir FK Abbosbek Fayzullaev
33%
Uzbekistan 11 LW Persepolis FC Oston Urunov
33%
Uzbekistan 18 DM Dibba SCC Abdulla Abdullaev
0%
Uzbekistan 12 GK Nasaf Qarshi Abduvokhid Nematov
0%
Uzbekistan 6 CM Pakhtakor Tashkent Akmal Mozgovoy
0%
Uzbekistan 25 CB FC OKMK Olmaliq Avazbek Ulmasaliev
0%
Uzbekistan 20 ST Dinamo Samarqand Azizbek Amanov
0%
Uzbekistan 19 CM Al-Bataeh CSC Aziz Ganiev
0%
Uzbekistan 24 RB Surkhon Termiz Bekhruz Karimov
0%
Uzbekistan 16 GK Neftchi Fergana Botirali Ergashev
0%
Uzbekistan 17 RW Pakhtakor Tashkent Dostonbek Khamdamov
0%
Uzbekistan 4 LB Neftchi Fergana Farrukh Sayfiev
0%
Uzbekistan 21 ST Persepolis FC Igor Sergeev
0%
Uzbekistan 26 CB Dinamo Samarqand Jakhongir Urozov
0%
Uzbekistan 10 LW Esteghlal FC Jaloliddin Masharipov
0%
Uzbekistan 8 AM Neftchi Fergana Jamshid Iskanderov
0%
Uzbekistan 3 RB Pakhtakor Tashkent Khozhiakbar Alizhonov
0%
Uzbekistan 9 DM Tractor FC Odildzhon Khamrobekov
0%
Uzbekistan 7 CM FC Baniyas Otabek Shukurov
0%
Uzbekistan 5 CB Esteghlal FC Rustam Ashurmatov
0%
Uzbekistan 23 CM FC Buxoro Sherzod Esanov
0%
Uzbekistan 13 LB Pakhtakor Tashkent Sherzod Nasrullaev
0%
Uzbekistan 15 CB Nasaf Qarshi Umar Eshmurodov
0%
Uzbekistan 1 GK Navbahor Namangan Utkir Yusupov
0%
No matching quizzes found
Score Distribution
Percent of People with Each Score
Percentile by Number Answered
Your Score History
You have not taken this quiz